U.S. Navy Ranks (Rates) - Statistics

General Stats
  • This quiz has been taken 1,942 times
  • The average score is 13 of 26
Answer Stats
Grade Rate % Correct
E-3 Seaman
85%
O-6 Captain
82%
O-3 Lieutenant
78%
O-5 Commander
74%
O-1 Ensign
74%
E-7 Chief Petty Officer
69%
E-6 Petty Officer 1st Class
67%
E-5 Petty Officer 2nd Class
65%
E-4 Petty Officer 3rd Class
64%
O-4 Lieutenant Commander
59%
E-9 Master Chief Petty Officer
59%
E-1 Seaman Recruit
55%
E-2 Seaman Apprentice
53%
E-8 Senior Chief Petty Officer
53%
O-9 Vice Admiral
52%
O-2 Lieutenant Junior Grade
50%
O-10 Fleet Admiral (wartime use only)
43%
E-9 Master Chief Petty Officer of the Navy
43%
O-7 Rear Admiral (lower half)
41%
O-8 Rear Admiral (upper half)
40%
E-9 Fleet / Command Master Chief Petty Officer
30%
W-2 Chief Warrant Officer 2
21%
W-3 Chief Warrant Officer 3
21%
W-4 Chief Warrant Officer 4
20%
W-5 Chief Warrant Officer 5
20%
O-10 Admiral Chief of Naval Operations / Commandant of the CG
2%
No matching quizzes found
Score Distribution
Percent of People with Each Score
Percentile by Number Answered
Your Score History
You have not taken this quiz